MARC Record
Leader
003
BE-GnUNI
007
't'u
020
a| 9791259561206
035
a| (MSK)310044342
084
a| I.MASOTTI G.1
100
1
a| Sinigaglia, Francesca
e| A cura di
245
0
0
a| Giovanni Masotti 1873-1915 :
b| Turbamento ed estasi (Mostra Bologna, Palazzo d'Accursio, 09.12.2023-04.02.2024) /
c| a cura di Francesca Sinigaglia e Isabella Stancari ; Testi di Ilaria Chia.
260
a| Bologna :
b| Persiani Editore,
c| 2024.
300
a| 164 p. :
b| ill.
546
a| Italiaans
585
a| Giovanni Masotti 1873-1915 : Turbamento ed estasi
500
a| Tentoonstellingscatalogus
700
1
a| Stancari, Isabella
e| A cura di
700
1
a| Chia, Ilaria
e| A cura di
852
4
b| MSK
c| MSK
j| I.MASOTTI G.1
920
a| boek
001
000043685
005
20241224121704.0